书目信息 |
| 题名: |
宇宙中的黑洞
|
|
| 作者: | 穆尔 , Moore , Nicolson , 尼科尔森 著 ;刘金铭 , 贾宗淑 译 | |
| 分册: | ||
| 出版信息: | 北京 科学出版社 1982 |
|
| 页数: | 83页 | |
| 开本: | 19cm | |
| 丛书名: | ||
| 单 册: | ||
| 中图分类: | P145.8-49 | |
| 科图分类: | ||
| 主题词: | 黑洞--普及读物 | |
| 电子资源: | ||
| ISBN: | ||
| 000 | 00933nam0 2200313 45 | |
| 001 | 0182005591 | |
| 005 | 20060817150922.57 | |
| 010 | @dCNY0.32 | |
| 091 | @aCN@b13031.1814 | |
| 100 | @a19950516d1982 em y0chiy0121 ea | |
| 101 | 1 | @achi@ceng |
| 102 | @aCN@b110000 | |
| 105 | @ay z 000yy | |
| 200 | 10 | @a宇宙中的黑洞@Ayu zhou zhong de hei dong@f(英)P.穆尔(P. Moore),(英)I.尼科尔森(I.Nicolson)著@g刘金铭,贾宗淑译 |
| 210 | @a北京@c科学出版社@d1982 | |
| 215 | @a83页@d19cm | |
| 300 | @a书名原文:Black holes in space. | |
| 510 | 1 | @aBlack holes in space@zeng |
| 606 | @a黑洞@x普及读物 | |
| 690 | @aP145.8-49@v3 | |
| 701 | 1 | @a穆尔@Amu er@bP.@4著 |
| 701 | A1 | @aMoore@bP.@4著 |
| 701 | A1 | @aNicolson@bI.@4著 |
| 701 | 1 | @a尼科尔森@Ani ke er sen@bI.@4著 |
| 702 | 0 | @a刘金铭@Aliu jin ming@4译 |
| 702 | 0 | @a贾宗淑@Ajia zong shu@4译 |
| 801 | 2 | @aCN@bNLC@c20060817 |
| 801 | 0 | @aCN@bTSSF |
| 905 | @a10447@dP145.8-49@e122 | |
| 宇宙中的黑洞/(英)P.穆尔(P. Moore),(英)I.尼科尔森(I.Nicolson)著/刘金铭,贾宗淑译.-北京:科学出版社,1982 |
| 83页;19cm |
| 书名原文:Black holes in space. |
| ISBN :CNY0.32 |
| ● |
| 相关链接 |
|
|
|
|
正题名:宇宙中的黑洞
索取号:P145.8-49/122
 
预约/预借
| 序号 | 登录号 | 条形码 | 馆藏地/架位号 | 状态 | 备注 |
| 1 | 0458773 | 204587731 | 密集书库/ [索取号:P145.8-49/122] | 在馆 | |
| 2 | 0458774 | 204587740 | 密集书库/ [索取号:P145.8-49/122] | 在馆 | |
| 3 | 0458775 | 204587759 | 密集书库/ [索取号:P145.8-49/122] | 在馆 |